<?xml version="1.0" encoding="UTF-8"?>
<record
    xmlns:xsi="http://www.w3.org/2001/XMLSchema-instance"
    xsi:schemaLocation="http://www.loc.gov/MARC21/slim http://www.loc.gov/standards/marcxml/schema/MARC21slim.xsd"
    xmlns="http://www.loc.gov/MARC21/slim">

  <leader>02372nam a2200313 i 4500</leader>
  <controlfield tag="001">000016619</controlfield>
  <controlfield tag="003">DO-SdBNP</controlfield>
  <controlfield tag="005">20241018101348.0</controlfield>
  <controlfield tag="007">ta</controlfield>
  <controlfield tag="008">100308s1993    dr a          000 0 spa d</controlfield>
  <datafield tag="040" ind1=" " ind2=" ">
    <subfield code="a">DO-SdBNP</subfield>
    <subfield code="b">spa</subfield>
    <subfield code="c">BNPHU</subfield>
    <subfield code="e">rda</subfield>
  </datafield>
  <datafield tag="041" ind1=" " ind2=" ">
    <subfield code="a">spa</subfield>
  </datafield>
  <datafield tag="082" ind1=" " ind2="4">
    <subfield code="a">641.597293</subfield>
    <subfield code="b">O74c, 1993</subfield>
    <subfield code="2">22</subfield>
  </datafield>
  <datafield tag="100" ind1="1" ind2=" ">
    <subfield code="a">Ornes, Amanda,</subfield>
    <subfield code="d">1987-1981</subfield>
    <subfield code="9">36922</subfield>
    <subfield code="4">aut.</subfield>
    <subfield code="e">autor</subfield>
  </datafield>
  <datafield tag="245" ind1="1" ind2="0">
    <subfield code="a">Cocina criolla /</subfield>
    <subfield code="c">Amanda Ornes.</subfield>
  </datafield>
  <datafield tag="250" ind1=" " ind2=" ">
    <subfield code="a">6ta. edici&#xF3;n </subfield>
  </datafield>
  <datafield tag="264" ind1=" " ind2="4">
    <subfield code="a">Santo Domingo :</subfield>
    <subfield code="b">Editora Taller,</subfield>
    <subfield code="c">&#xA9;1993.</subfield>
  </datafield>
  <datafield tag="300" ind1=" " ind2=" ">
    <subfield code="a">632 p&#xE1;ginas ;</subfield>
    <subfield code="c">23 cm.</subfield>
  </datafield>
  <datafield tag="336" ind1=" " ind2=" ">
    <subfield code="a">texto </subfield>
    <subfield code="b">txt</subfield>
    <subfield code="2">rdacontent </subfield>
  </datafield>
  <datafield tag="337" ind1=" " ind2=" ">
    <subfield code="a">sin mediaci&#xF3;n</subfield>
    <subfield code="b">n</subfield>
    <subfield code="2">rdamedia</subfield>
  </datafield>
  <datafield tag="338" ind1=" " ind2=" ">
    <subfield code="a">volumen </subfield>
    <subfield code="b">nc</subfield>
    <subfield code="2">rdacarrier </subfield>
  </datafield>
  <datafield tag="505" ind1="2" ind2=" ">
    <subfield code="a">Pr&#xF3;logo -- Generalidades acerca de la vivienda -- Entrantes -- Caldos y sopas -- Pastas -- Huevos -- Pescados, Mariscos -- Cangrejos y jaibas -- Aves -- La carne -- Vegetales -- El ma&#xED;z-- El trigo -- La avena -- La cebada -- El centeno -- El sag&#xFA;-- La papa -- Pl&#xE1;tano -- Batata -- Yuca -- Yautia -- N&#xE1;me -- El mapuey -- Auyama -- Tayotes -- Berenjenas -- Molondrones o quimbombos -- Repollo -- Espinacas -- Esparragos -- Zanahoria -- Palmito -- El cohombro o pepino -- El pepino -- La lechuga -- El berro -- Condimentos -- Tomates -- Pimiento o aj&#xED; -- El vinagre -- El leren -- El apio -- Los hongos o setas (champi&#xF1;&#xF3;nes) -- La trufa o criadilla de tierra -- Alcachofa -- La bija o achiote -- Jengibre -- La miel de abejas -- El melado -- La aceituna -- La alcaparra -- El mani -- El ajonjol&#xED; -- Granos -- Frutas -- Conservas de frutas -- Encurtidos -- Suples -- Croquetas y frituras -- Salsas -- Ensaladas -- Gelatinas -- El pan -- Sandwiches o emparenados -- La leche -- La mantequilla -- La margarina -- El queso -- El caf&#xE9; -- Chocolate -- El t&#xE9; -- La tisana -- Vinos -- Licores -- Cocteles -- Ponches -- Helados -- Parfaits (cremas heladas) -- Mousses -- Refrescos -- Horchatas -- Pastaleria -- Bizcochos -- Instrucciones generales para decorar azucarados -- Pasteles (pies) o tortas -- Galleticas -- Bu&#xF1;uelos y otras pastas -- Arrollados -- Pudines de pan -- Quesillos -- Flanes -- Dulces de huevo -- Dulces de leche -- Dulces de frutas.</subfield>
  </datafield>
  <datafield tag="590" ind1=" " ind2=" ">
    <subfield code="a">Inventariado, 2023/MFF</subfield>
  </datafield>
  <datafield tag="650" ind1=" " ind2="4">
    <subfield code="a">Cocina dominicana</subfield>
    <subfield code="9">192</subfield>
  </datafield>
  <datafield tag="650" ind1=" " ind2="4">
    <subfield code="a">Preparaci&#xF3;n de alimentos</subfield>
    <subfield code="9">193</subfield>
  </datafield>
  <datafield tag="650" ind1=" " ind2="0">
    <subfield code="a">Gastronom&#xED;a</subfield>
    <subfield code="9">362</subfield>
  </datafield>
  <datafield tag="910" ind1=" " ind2=" ">
    <subfield code="a">Validado. Control de calidad BNPHU</subfield>
  </datafield>
  <datafield tag="942" ind1=" " ind2=" ">
    <subfield code="2">ddc</subfield>
    <subfield code="c">LBS1</subfield>
  </datafield>
  <datafield tag="952" ind1=" " ind2=" ">
    <subfield code="0">0</subfield>
    <subfield code="1">0</subfield>
    <subfield code="2">ddc</subfield>
    <subfield code="5">1</subfield>
    <subfield code="7">0</subfield>
    <subfield code="8">PD</subfield>
    <subfield code="a">BNPHU</subfield>
    <subfield code="b">BNPHU</subfield>
    <subfield code="c">HD</subfield>
    <subfield code="d">2010-03-08</subfield>
    <subfield code="l">0</subfield>
    <subfield code="o">BNPHU PD 641.597293 O74c 1993</subfield>
    <subfield code="p">16619-10</subfield>
    <subfield code="r">2020-06-25</subfield>
    <subfield code="w">2020-06-25</subfield>
    <subfield code="y">LBS1</subfield>
    <subfield code="Z">No se presta</subfield>
  </datafield>
  <datafield tag="999" ind1=" " ind2=" ">
    <subfield code="c">16152</subfield>
    <subfield code="d">16152</subfield>
  </datafield>
</record>
